000 00941cam a2200265Ia 4500
003 OCoLC
005 20160118083049.0
008 100902s2011 njua f 000 0 eng d
020 _a9812532846
050 0 0 _aQD 45
_b.H38 2007
100 1 _aHein, Morris.
245 1 0 _aFoundations of chemistry in the laboratory /
_cMorris Hein, Judith N. Peisen, Robert L. Miner.
250 _aThirteenth edition.
260 _aHoboken, NJ :
_bWiley,
_c2007.
300 _axii, 142 pages :
_billustrations ;
_c28 cm.
500 _aCover and spine title :
_aFoundations of college chemistry in the laboratory.
650 0 _aChemistry
_vLaboratory manuals.
650 0 _aChemistry
_xExperiments.
700 1 _aPeisen, Judith N.
700 1 _aMiner, Robert L.
740 0 _aChemistry in the laboratory.
740 0 _aCollege chemistry in the laboratory.
740 0 _aFoundations of college chemistry in the laboratory.
942 _2lcc
_cBK
_kFOR
999 _c290414
_d290414